El desarrollo económico del tercer mundo (Registro nro. 5243)
[ vista simple ]
| 000 -LEADER | |
|---|---|
| fixed length control field | 01657 a2200205 4500 |
| 001 - CONTROL NUMBER | |
| control field | 53638 |
| 005 - DATE AND TIME OF LATEST TRANSACTION | |
| control field | 20260407155809.0 |
| 008 - FIXED-LENGTH DATA ELEMENTS--GENERAL INFORMATION | |
| fixed length control field | 260407a1988 arg spa d |
| 003 - CONTROL NUMBER IDENTIFIER | |
| control field | AR-UNSa-BCEJYS |
| 040 ## - CATALOGING SOURCE | |
| Original cataloging agency | AR-UNSa-BCEJYS |
| Language of cataloging | spa |
| Transcribing agency | AR-UNSa-BCEJYS |
| 080 ## - UNIVERSAL DECIMAL CLASSIFICATION NUMBER | |
| Universal Decimal Classification number | 330.34 |
| Common auxiliary subdivision | Desarrollo Económico |
| 020 ## - INTERNATIONAL STANDARD BOOK NUMBER | |
| International Standard Book Number | 84-206-8119-9 |
| 100 1# - MAIN ENTRY--PERSONAL NAME | |
| Personal name | Todaro, Michael P. |
| 245 10 - TITLE STATEMENT | |
| Title | El desarrollo económico del tercer mundo |
| 264 #1 - PRODUCTION, PUBLICATION, DISTRIBUTION, MANUFACTURE, AND COPYRIGHT NOTICE | |
| Place of production, publication, distribution, manufacture | Madrid : |
| Name of producer, publisher, distributor, manufacturer | Alianza Editorial |
| Date of production, publication, distribution, manufacture, or copyright notice | 1988 |
| 300 ## - PHYSICAL DESCRIPTION | |
| Extent | 725 p. |
| Dimensions | 23 cm. |
| 505 ## - FORMATTED CONTENTS NOTE | |
| Formatted contents note | 1. Economía instituciones estudios sobre desarrollo:una perspectiva mundial - 2. Los países en vías de desarrollo:Características comunes y estructuras diversas - 3. El significado del desarrollo y sus diversas teorías - 4. Crecimiento histórico y desarrollo contemporáneo:lecciones y controversias - 5. Crecimiento pobreza y distribución de la renta - 6. El debate sobre población - 7. La economía de la población y el desarrollo - 8. Desempleo: resultados, dimensiones y análisis - 9. Urbanización y migración:nacional e internacional - 10. La transformación de la agricultura y el desarrollo rural - 11. Educación y desarrollo - 12. La teoría del comercio y la experiencia del desarrollo - 13. La balanza de pagos y las políticas comerciales - 14. Inversión y ayuda exterior: Viejas controversias y nuevas oportunidades - 15. La planificación del desarrollo:Teoría y práctica - 16. La política monetaria y la política fiscal:las funciones y limitaciones del estado - 17. Temas económicos mundiales en los años 80: energía, alimentos, deuda y orden internacional |
| 590 ## - LOCAL NOTE (RLIN) | |
| Local note | niveau_biblio:m niveau_hierar:0 |
| 942 ## - ADDED ENTRY ELEMENTS (KOHA) | |
| Koha item type | |
| Withdrawn status | Lost status | Damaged status | Not for loan | Home library | Current library | Shelving location | Date acquired | Total checkouts | Full call number | Barcode | Date last seen | Price effective from | Koha item type |
|---|---|---|---|---|---|---|---|---|---|---|---|---|---|
| Biblioteca Prof. Eusebio Cleto del Rey | Biblioteca Prof. Eusebio Cleto del Rey | 07/04/2026 | 330.34 T633 | L65131 | 07/04/2026 | 07/04/2026 | Libro | ||||||
| Biblioteca Prof. Eusebio Cleto del Rey | Biblioteca Prof. Eusebio Cleto del Rey | 07/04/2026 | 330.34 T633 | L65130 | 07/04/2026 | 07/04/2026 | Libro |